KNOWLEDGE AND CURRICULUM (Record no. 17143)

MARC details
000 -LEADER
fixed length control field 00288nam a22001337a 4500
003 - CONTROL NUMBER IDENTIFIER
control field SGT
020 ## - INTERNATIONAL STANDARD BOOK NUMBER
International Standard Book Number 978-93-85872-77-8
082 ## - DEWEY DECIMAL CLASSIFICATION NUMBER
Classification number 370
Item number SHU
100 ## - MAIN ENTRY--PERSONAL NAME
Personal name SHUKLA, BHAVNA
245 ## - TITLE STATEMENT
Title KNOWLEDGE AND CURRICULUM
260 ## - PUBLICATION, DISTRIBUTION, ETC. (IMPRINT)
Place of publication, distribution, etc U.P.
Name of publisher, distributor, etc AGARWAL PUB
Year of Publication 2019
300 ## - PAGE DESCRIPTION
No. of Pages 440
942 ## - ADDED ENTRY ELEMENTS (KOHA)
Source of classification or shelving scheme Dewey Decimal Classification
Koha item type Books
Holdings
Withdrawn status Lost status Source of classification or shelving scheme Damaged status Not for loan Collection code Home library Current library Shelving location Date acquired Vendor Name Cost, normal purchase price SGTU Bill Number Total Checkouts Full call number Accession No. (Barcode) Date last seen Date last borrowed Bill Date Koha item type Checked out
    Dewey Decimal Classification     EDUCATION SGT Engineering Library SGT Engineering Library Text Book 20/03/2019 INDIAN PUB. 240.00 SGTU 118 3 370 SHU ED3365 09/02/2026 21/01/2026   Books  
    Dewey Decimal Classification     EDUCATION SGT Engineering Library SGT Engineering Library Text Book 20/03/2019 INDIAN PUB. 240.00 SGTU 118 3 370 SHU ED3366 30/03/2021 15/03/2021   Books  
    Dewey Decimal Classification     EDUCATION SGT Engineering Library SGT Engineering Library Text Book 20/03/2019 INDIAN PUB. 240.00 SGTU 118 14 370 SHU ED3367 29/05/2026 29/05/2026   Books  
    Dewey Decimal Classification     EDUCATION SGT Engineering Library SGT Engineering Library Text Book 20/03/2019 INDIAN PUB. 240.00 SGTU 118 3 370 SHU ED3368 17/04/2026 17/04/2026   Books 01/05/2026
    Dewey Decimal Classification     EDUCATION SGT Engineering Library SGT Engineering Library Text Book 20/03/2019 INDIAN PUB. 240.00 SGTU 118 4 370 SHU ED3369 31/03/2021 16/03/2021   Books